Statistiques concernant Pays commençant par T - une minute sprint

Cliquez ici pour prendre le quiz!

Statistiques générales

  • Ce quiz a été pris 274 fois
  • Le résultat moyen est 9 sur 14

Statistiques - réponses

Réponse% Correct
Turquie
88%
Turkménistan
85%
Tanzanie
78%
Togo
78%
Tadjikistan
76%
Tonga
72%
Tuvalu
68%
Trinité-et-Tobago
67%
Tunisie
65%
Thaïlande
64%
Timor-Leste
49%
Taïwan
48%
Tchad
47%
Tchèquie
23%

Distribution des résultats

Percentile par nombre de réponses

% des personnes avec chaque résultat

Votre développement - résultats

Vous n’avez pas pris ce quiz